| 000 | 00430nam a2200157 4500 | ||
|---|---|---|---|
| 001 | 122841 | ||
| 003 | ES-MaACL | ||
| 005 | 20230906192042.0 | ||
| 007 | t| | ||
| 008 | 070214s1921 sp r ||||0| cat d | ||
| 100 | 1 |
_aPujols, Francesc. _994360 |
|
| 245 | 1 | 3 |
_aLa religió i la moral / _cFrancesc Pujols. |
| 260 |
_aBarcelona : _b[s.n.], _c1921 ( _fA. López Llansas) |
||
| 300 |
_a28 p ; _c26 cm. |
||
| 852 |
_aES-MaACL _j1600-F-32 |
||
| 999 |
_c122841 _d122841 |
||